Naši zákazníci sú veľmi múdri a skúsení RN hovorili s Dr. Aloisom Fischerom, obchodným riaditeľom firmy MASSEY FERGUSON pre strednú a východnú Európu, ktorý konštatuje

Bibliographic Details
Main Authors: Fischer, Alois (Author), Urbánik, Bohumil (Author), Barčák, Stanislav, 1936-2007 (Author)
Format: Article
Language:Slovak
Subjects:

MARC

LEADER 00000nab a2200000 a 4500
001 vtls000561321
003 SK-MaSNL
005 20260303015353.0
008 120929c1995 xo 0 slo
015 |a SNBRB19rr/mm-uuuuu 
035 |a CL0561459 
040 |a SNKBUCL  |b slo  |c SNKBUCL  |e AACR2 
041 0 |a slo 
044 |a xo  |c SK 
080 |a 631.3:061.5  |2 1981 
100 1 |a Fischer, Alois  |4 aut  |9 998188 
245 1 0 |a Naši zákazníci sú veľmi múdri a skúsení  |b RN hovorili s Dr. Aloisom Fischerom, obchodným riaditeľom firmy MASSEY FERGUSON pre strednú a východnú Európu, ktorý konštatuje  |c Alois Fischer, Bohumil Urbánik, Stanislav Barčák 
650 0 7 |a technika poľnohospodárska  |2 snkbucl  |9 849424 
650 0 7 |a Massey Ferguson (fa)  |2 snkbucl  |9 998189 
655 7 |a články z novín a časopisov  |2 snkbucl  |9 267496 
700 1 |a Urbánik, Bohumil  |4 aut  |9 267035 
700 1 |a Barčák, Stanislav,  |d 1936-2007  |4 aut  |9 220185 
773 0 |t Roľnícke noviny  |g Č. 203 (2. 9. 1995), s. 1 a 3 
850 |a Slovenská národná knižnica v Martine  |a MTA001 
852 |a SNK  |b KIS3GCP 
958 |a RK 
992 |a RBX 
999 |c 1612411  |d 1614341